All Cars Tuned by MANSORY - Statistics

General Stats
  • This quiz has been taken 58 times
  • The average score is 17 of 129
Answer Stats
Hint Answer % Correct
q Lamborghini Urus
62%
q Lamborghini Aventador
45%
q Porsche 911 Turbo
41%
q Lamborghini Huracan
38%
q Ferrari 812 Superfast
34%
q Ford GT
34%
q Lamborghini Aventador S
31%
q Bentley Bentayga
28%
q Bentley Continental GT
28%
q Bentley Flying Spur
28%
q Ferrari F8 Tributo
28%
q Ferrari Roma
28%
q Lamborghini Aventador SV
28%
q Lamborghini Aventador SVJ
28%
q Maserati MC20
28%
q Porsche Cayenne
28%
q RR Cullinan
28%
q RR Ghost
28%
q Bugatti Chiron
24%
q Ferrari 488 GTB
24%
q Mercedes-Benz S-Class
24%
q Mercedes-Benz S-Class (W223)
24%
q Porsche 918
24%
q Porsche Macan
24%
q RR Phantom
24%
q Audi RS6
21%
q Audi RSQ8
21%
q Bentley Mulsanne
21%
q Ferrari 812 GTS
21%
q Ferrari F12
21%
q Mclaren 720S
21%
q Porsche Taycan
21%
q Aston Martin Vanquish
17%
q Audi R8
17%
q Audi RS7
17%
q Bmw XM
17%
q Ferrari 458 Italia
17%
q Ferrari 458 Speciale
17%
q Ferrari SF90 Stradale
17%
q Porsche 911 Turbo S
17%
q Porsche Panamera
17%
q RR Dawn
17%
q RR Spectre
17%
q Aston Martin DB11
14%
q Aston Martin DB9
14%
q Aston Martin DBX
14%
q Bmw X5
14%
q Bmw X6
14%
q Bugatti Veyron
14%
q Ferrari 458 Spider
14%
q Ferrari F8 Spider
14%
q Ferrari Portofino
14%
q Ferrari Roma Spider
14%
q Lamborghini Urus S
14%
q Maserati Ghibli
14%
q Maserati Gran Turismo
14%
q Maserati Quattroporte
14%
q Mercedes-Benz G-Class(W463)
14%
q Mercedes-Benz G-Class(W463A)
14%
q Mercedes-Benz SLS AMG
14%
q Porsche 911 (992)
14%
q Bentley Continental Speed
10%
q Bmw X7
10%
q Ferrari 488 Spider
10%
q Ferrari GTC4Lusso
10%
q Lamborghini Urus Performante
10%
q Lotus Evora
10%
q Maserati Levante
10%
q Mercedes-AMG SL63
10%
q RR Wraith
10%
q Aston Martin Vantage V8
7%
q Bentley Continental GTC
7%
q Bmw Series 7
7%
q Cadillac Escalade
7%
q Ferrari 296 GTB
7%
q Ferrari Monza SP1
7%
q Ferrari Monza SP2
7%
q Ferrari SF90 Spider
7%
q Land Rover Defender 110
7%
q Land Rover Defender 90
7%
q Land Rover Velar
7%
q Maserati MC20 Cielo
7%
q Mclaren MP4 12C
7%
q Mercedes-AMG GT 63 4-Door
7%
q Mercedes-Benz C-Class
7%
q Mercedes-Benz E-Class
7%
q Mercedes-Benz GLE
7%
q Mercedes-Benz SLK-Class
7%
q Mercedes-Benz V-Class
7%
q Porsche 911 (992) Cabrio
7%
q Porsche 911 (992) Soft Kit
7%
q Porsche 991
7%
q Porsche Cayenne Coupe
7%
q Smart Fortwo
7%
q Aston Martin DB9 Volante
3%
q Aston Martin Vanquish S
3%
q Audi R8 Spider
3%
q Ferrari 296 GTS
3%
q Ferrari 599 GTB Fiorano
3%
q Ferrari Portofino M
3%
q Land Rover Range Rover
3%
q Land Rover Range Rover Sport
3%
q Land Rover Range Rover SVR
3%
q Lotus Elise
3%
q Lotus Elise S
3%
q Lotus Evora S
3%
q Maserati Gran Turismo S
3%
q Mercedes-AMG GT 63 S E Performence
3%
q Mercedes-AMG GT S
3%
q Mercedes-Benz G500 4x4
3%
q Mercedes-Benz G 63 4x4
3%
q Mercedes-Benz G 63 AMG 6x6
3%
q Mercedes-Benz G 63 Pickup
3%
q Mercedes-Benz G-Class Cabrio
3%
q Mercedes-Benz GLC AMG
3%
q Mercedes-Benz GL-Class
3%
q Mercedes-Benz GLE 63 AMG
3%
q Mercedes-Benz GLE Coupe
3%
q Mercedes-Benz GLS 63 AMG
3%
q Mercedes-Benz S-Class AMG S 63 (W223)
3%
q Mercedes-Benz S-Class Cabrio
3%
q Mercedes-Benz S-Class Coupe
3%
q Mercedes-Benz SL AMG (R 232)
3%
q Mercedes-Benz Viano
3%
q Porsche 911 Carrera Facelift
3%
q Porsche 997
3%
q Smart Fortwo Cabrio
3%
q Tesla Model S
3%
q Mercedes-Benz SL 350 AMG
0%
No matching quizzes found
Score Distribution
Percent of People with Each Score
Percentile by Number Answered
Your Score History
You have not taken this quiz